<?xml version="1.0" encoding="UTF-8"?>
<collection xmlns="http://www.loc.gov/MARC21/slim">
 <record>
  <leader>01815nam a22002891  4500</leader>
  <controlfield tag="001">1/20385</controlfield>
  <controlfield tag="008">031112s2003    enk           0 11  eng d</controlfield>
  <datafield tag="020" ind1=" " ind2=" ">
   <subfield code="a">0735614865</subfield>
  </datafield>
  <datafield tag="035" ind1=" " ind2=" ">
   <subfield code="l">20974</subfield>
  </datafield>
  <datafield tag="040" ind1=" " ind2=" ">
   <subfield code="a">DLC</subfield>
   <subfield code="b">GR-PeUP</subfield>
  </datafield>
  <datafield tag="082" ind1="0" ind2="0">
   <subfield code="a">005.44769 MIC</subfield>
  </datafield>
  <datafield tag="245" ind1="1" ind2="0">
   <subfield code="a">Microsoft Windows server 2003 deployment kit :</subfield>
   <subfield code="b">a Microsoft resource kit /</subfield>
   <subfield code="c">the Microsoft Windows team</subfield>
  </datafield>
  <datafield tag="260" ind1=" " ind2=" ">
   <subfield code="a">Redmond :</subfield>
   <subfield code="b">Microsoft Press,</subfield>
   <subfield code="c">2003</subfield>
  </datafield>
  <datafield tag="300" ind1=" " ind2=" ">
   <subfield code="a">8 v. in container :</subfield>
   <subfield code="b">ill. ;</subfield>
   <subfield code="c">24 cm. +</subfield>
   <subfield code="e">2 CD-ROMs (4 3/4 in.)</subfield>
  </datafield>
  <datafield tag="500" ind1=" " ind2=" ">
   <subfield code="a">Includes index</subfield>
  </datafield>
  <datafield tag="505" ind1="0" ind2=" ">
   <subfield code="a">V.1. Designing a managed environment -- V.2. Designing and deploying directory and security services -- V.3. Planning server deployments -- V.4. Planning, testing, and piloting deployment projects -- V.5. Deploying network services -- V.6. Deploying Microsoft Internet information services (IIS) 6.0 -- V.7. Automating and customizing installations -- V.8. Deployment kit tools and evaluation software.</subfield>
  </datafield>
  <datafield tag="650" ind1=" " ind2="4">
   <subfield code="a">Microsoft Windows server.</subfield>
  </datafield>
  <datafield tag="650" ind1=" " ind2="4">
   <subfield code="a">Operating systems (Computers).</subfield>
  </datafield>
  <datafield tag="710" ind1="2" ind2=" ">
   <subfield code="a">Microsoft Corporation.</subfield>
  </datafield>
  <datafield tag="852" ind1=" " ind2=" ">
   <subfield code="a">INST</subfield>
   <subfield code="b">UNIPILB</subfield>
   <subfield code="c">MAIN</subfield>
   <subfield code="e">20040709</subfield>
   <subfield code="h">005.44769 MIC</subfield>
   <subfield code="p">00142906</subfield>
   <subfield code="q">00142906</subfield>
   <subfield code="t">LOAN</subfield>
   <subfield code="v">v.5:</subfield>
   <subfield code="y">0</subfield>
   <subfield code="z">v.5</subfield>
   <subfield code="4">1</subfield>
  </datafield>
  <datafield tag="852" ind1=" " ind2=" ">
   <subfield code="a">INST</subfield>
   <subfield code="b">UNIPILB</subfield>
   <subfield code="c">MAIN</subfield>
   <subfield code="e">20040709</subfield>
   <subfield code="h">005.44769 MIC</subfield>
   <subfield code="p">00142907</subfield>
   <subfield code="q">00142907</subfield>
   <subfield code="t">LOAN</subfield>
   <subfield code="v">v.4:</subfield>
   <subfield code="y">0</subfield>
   <subfield code="z">v.4</subfield>
   <subfield code="4">1</subfield>
  </datafield>
  <datafield tag="852" ind1=" " ind2=" ">
   <subfield code="a">INST</subfield>
   <subfield code="b">UNIPILB</subfield>
   <subfield code="c">MAIN</subfield>
   <subfield code="e">20040709</subfield>
   <subfield code="h">005.44769 MIC</subfield>
   <subfield code="p">00142908</subfield>
   <subfield code="q">00142908</subfield>
   <subfield code="t">LOAN</subfield>
   <subfield code="v">v.6:</subfield>
   <subfield code="y">0</subfield>
   <subfield code="z">v.6</subfield>
   <subfield code="4">1</subfield>
  </datafield>
  <datafield tag="852" ind1=" " ind2=" ">
   <subfield code="a">INST</subfield>
   <subfield code="b">UNIPILB</subfield>
   <subfield code="c">MAIN</subfield>
   <subfield code="e">20040709</subfield>
   <subfield code="h">005.44769 MIC</subfield>
   <subfield code="p">00142909</subfield>
   <subfield code="q">00142909</subfield>
   <subfield code="t">LOAN</subfield>
   <subfield code="v">v.7:</subfield>
   <subfield code="y">0</subfield>
   <subfield code="z">v.7</subfield>
   <subfield code="4">1</subfield>
  </datafield>
  <datafield tag="852" ind1=" " ind2=" ">
   <subfield code="a">INST</subfield>
   <subfield code="b">UNIPILB</subfield>
   <subfield code="c">MAIN</subfield>
   <subfield code="e">20040709</subfield>
   <subfield code="h">005.44769 MIC</subfield>
   <subfield code="p">00142910</subfield>
   <subfield code="q">00142910</subfield>
   <subfield code="t">LOAN</subfield>
   <subfield code="v">v.3:</subfield>
   <subfield code="y">0</subfield>
   <subfield code="z">v.3</subfield>
   <subfield code="4">1</subfield>
  </datafield>
  <datafield tag="852" ind1=" " ind2=" ">
   <subfield code="a">INST</subfield>
   <subfield code="b">UNIPILB</subfield>
   <subfield code="c">MAIN</subfield>
   <subfield code="e">20040709</subfield>
   <subfield code="h">005.44769 MIC</subfield>
   <subfield code="p">00142911</subfield>
   <subfield code="q">00142911</subfield>
   <subfield code="t">LOAN</subfield>
   <subfield code="v">v.1:</subfield>
   <subfield code="y">0</subfield>
   <subfield code="z">v.1</subfield>
   <subfield code="4">1</subfield>
  </datafield>
  <datafield tag="852" ind1=" " ind2=" ">
   <subfield code="a">INST</subfield>
   <subfield code="b">UNIPILB</subfield>
   <subfield code="c">MAIN</subfield>
   <subfield code="e">20040709</subfield>
   <subfield code="h">005.44769 MIC</subfield>
   <subfield code="p">00142912</subfield>
   <subfield code="q">00142912</subfield>
   <subfield code="t">LOAN</subfield>
   <subfield code="v">v.2:</subfield>
   <subfield code="y">0</subfield>
   <subfield code="z">v.2</subfield>
   <subfield code="4">1</subfield>
  </datafield>
  <datafield tag="856" ind1="4" ind2=" ">
   <subfield code="d">/webopac/covers/01/20974_0735614865.jpg</subfield>
  </datafield>
 </record>
</collection>
